Statistics for Wednesday Whimsy #1

Click here to take the quiz!

General Stats

  • This quiz has been taken 117 times
  • The average score is 12 of 20

Answer Stats

Name the only ...Answer% Correct
Day that contains an iFriday
100%
Month that contains a gAugust
99%
Continent that contains a pEurope
92%
Planet that contains a cMercury
90%
Colour of the rainbow that contains a uBlue
80%
Chess piece that contains a wPawn
71%
South American country that contains a tArgentina
70%
one of the 7 dwarfs that contains a zSneezy
67%
Friends character that contains a bPhoebe
66%
one of Santa's reindeer that contains an xVixen
65%
Sign of the Zodiac that contains an mGemini
58%
Country that contains a c and a jJamaica
56%
US state that contains two ksKentucky
53%
Oceanic country that contains an hMarshall Islands
38%
Deadly sin that contains an iPride
36%
European capital that contains an fSofia
34%
Australian state that contains a cVictoria
31%
Black Sea country that contains an sRussia
24%
African capital that contains a k and a pKampala
19%
Asian capital that contains two dsBaghdad
10%

Score Distribution

Percentile by Number Answered

Percent of People with Each Score

Your Score History

You have not taken this quiz